Регионална библиотека "Любен Каравелов" - Русе

Европейският съюз - ваш съсед (Запис номер 56745)

MARC детайли
000 -Лидер
Контролно поле с фиксирана дължина 00922nam a2200289 c 4500
003 - Код на организацията, давaща контролен номер
Контролно поле BLK
005 - Дата и час на последна редакция
Контролно поле 20180420222623.0
008 - Елементи от данни с фиксирана дължина
fixed length control field 180408b bul|||||r ||||||| ||bul||
010 ## - Наследен системен номер
LC control number KNG00060731000
020 ## - Международен стандартен номер на книга ISBN
Международен стандартен номер на книга ISBN 92-826-7894-6
-- издат.: ECSC-EC-EAEC
040 ## - Източник на каталожния запис
Идентификатор на билиотеката - собственик на записа BLK
041 ## - Код за език
Код за езика на текст/звукозапис или на отделно заглавие Български
Код за езика КДБФ Български
080 ## - УДК
Текстов определител УДК Европейски съюз (икон. аспекти)
УДК код - определител по УДК 339.923:061.1ЕС
УДК определител
УДК - код + определител 339.923:061.1ЕС
139 ## - Редно поле
Редна дума Европейският съюз - ваш съсед
Авторски знак Евр - Е 19
245 10 - Сведения за заглавието
Заглавие Европейският съюз - ваш съсед
257 ## - Страна на издаване
Страна на създаване/издаване България
260 ## - Област на издателските данни
-- Brussels
Име на издателя, разпространителя и проч. ECSC-EC-EAEC
Година на издаване 1995
300 ## - Физическа характеристика
Страници 51 с.
Размери/Мащаб 23 см
380 ## - Жанр
Жанр Обществени науки
490 1# - СЕРИИ (Колекции)
Име на серия European documentation series
650 #4 - Допълнително описание по предмет – тема
Основно описание – тема или топоним Европейски съюз
9 (RLIN) 258188
852 ## - Местоположение
Форматна сигнатура Цб 188625
856 4# - Електронен адрес и достъп
Електронен формат pdf - файл
Път до файла /url/
856 4# - Електронен адрес и достъп
Електронен формат pdf - файл
Път до файла /url/
942 ## - АРТИКУЛИ
Вид на библиотечния материал Книги
Скрит в OPAC Не
944 ## - СЪЗДАВАНЕ И РЕДАКЦИЯ на ЗАПИСА
Създаване/Редакция Създаване
Дата на регистрацията/редакция 13.06.2004
Служител, извършил регистрацията/редакцията Геновева_Генчева
944 ## - СЪЗДАВАНЕ И РЕДАКЦИЯ на ЗАПИСА
Създаване/Редакция Редакция
Дата на регистрацията/редакция 27.01.2011
Служител, извършил регистрацията/редакцията
999 ## - СИСТЕМНИ КОНТРОЛНИ НОМЕРА
Koha biblionumber 56745
Koha biblioitemnumber 56745
Наличности
Код за отписване Код за изгубен артикул Източник на класификационната схема Код за повреда Коз за рестрикции Код за отдаване Артикулен № Име на библиотеката - собственик Име на библиотеката, в която се намира в момента Статус (Текущо местоположение) Дата на вписване в системата Местоположение - отдел Цена в лева Инвентарен номер Систематично азбучна сигнатура Баркод Номер на екземпляра Цена в евро Служебна бележка Служебен тип на артикула
  Не е изгубен Universal Decimal Classification Не е повреден без рестрикции ползва се в читалня 90605 Регионална библиотека "Любен Каравелов" Русе Регионална библиотека "Любен Каравелов" Русе Читалня 1993-01-01 Читалня 0.00 622484 Ч 339.923:061/Е 19 120000622484 1 0.00 Дата инв: 29.03.2017 Бележки инв: Ч2017 Книги
  Не е изгубен Universal Decimal Classification Не е повреден без рестрикции ползва се в читалня 90606 Регионална библиотека "Любен Каравелов" Русе Регионална библиотека "Любен Каравелов" Русе Хранилище 1995-01-01 Хранилище 0.00 622117 Цб 188625 120000622117 2 0.00 Дост: Dp Вид: Д N: стар фонд Дата: 01.01.1995 Книги
Изтеглен Не е изгубен Universal Decimal Classification Не е повреден без рестрикции заемане за дома 90607 Регионална библиотека "Любен Каравелов" Русе Регионална библиотека "Любен Каравелов" Русе Заемна - подръчен фонд 1995-01-01 Заемна - подръчен фонд 0.01 622485 П 339.923:061/Е 19 622485 3 0.01 Дост: Pk Вид: Ф N: стар фонд Дата: 01.01.1995 Дата инв: 05.02.2018 Бележки инв: П2018 Книги
Изтеглен Не е изгубен Universal Decimal Classification Не е повреден без рестрикции заемане за дома 90608 Регионална библиотека "Любен Каравелов" Русе Регионална библиотека "Любен Каравелов" Русе Детски отдел 1995-01-01 Детски отдел 0.01 622489 ДН 33/Е 19 622489 4 0.01 Дост: Pk Вид: Ф N: стар фонд Дата: 01.01.1995 Дата инв: 20.08.2015 Бележки инв: Д2015 Книги
Vip Innovations Ltd, Rousse, Bulgaria 2025